ბათუმის შოთა რუსთაველის სახელმწიფო უნივერსიტეტის ბიბლიოთეკა

არგონავტიკა / (ბიბ.ჩანაწერი № 60298)

000 -ლიდერი
ფიქსირებული სიგრძის საკონტროლო ველი 01170nam a22002177a 4500
003 - საკონტროლო ნომრის იდენტიფიკატორი
საკონტროლო ველი Ge_BSU
005 - ბოლო ოპერაციის თარიღი და დრო
საკონტროლო ველი 20230627121746.0
008 - ფიქსირებული სიგრძის მონაცემთა ელემენტები - ზოგადი ინფორმაცია
ფიქსირებული სიგრძის საკონტროლო ველი 230627s1948 ge ||||| |||| 00| 0 geo d
041 ## - ენის კოდი
Language code of text/sound track or separate title geo
080 ## - უნივერსალური ათობითი კლასიფიკაციის ინდექსი
Universal Decimal Classification number 821.14 რ-73
100 ## - მთავარი ჩანაწერი - პიროვნების სახელი
Personal name აპოლონიოს როდოსელი
9 (RLIN) 18997
245 ## - ცნობა სათაურის შესახებ
Title არგონავტიკა /
Statement of responsibility, etc აპოლონიოს როდოსელი; ბერძნ. თარგმნა, წინასიტყვ. და განმარტება დაურთო აკ. ურუშაძემ.
264 ## - წარმოების, გამოცემის, დისტრიბუციის და სხვა ცნობები
გამოცემის, წარმოების, დისტრიბუციის... ადგილი თბილისი :
გამოცემის, წარმოების, დისტრიბუციის... სახელწოდება სახელგამი,
გამოცემის, წარმოების, დისტრიბუციის... თარიღი 1948.
300 ## - ფიზიკური აღწერა
Extent 236 გვ. ;
Other physical details 21 სმ.
501 ## - შენიშვნა თანმხლებ მასალაზე
With note პარალ. თავფურ. ლათ. ენ.
განმარტებანი: გვ. 209-235
504 ## - BIBLIOGRAPHY, ETC. NOTE
Bibliography, etc ბიბლიოგრ. ტექსტ. შენიშვნ.
653 ## - INDEX TERM--UNCONTROLLED
Uncontrolled term არგონავტიკა
653 ## - INDEX TERM--UNCONTROLLED
Uncontrolled term კოლხეთის ისტორიის ლიტერატურული წყაროები
700 ## - ADDED ENTRY--PERSONAL NAME
Personal name ურუშაძე, აკ.
Relator term მთარგმნელი
9 (RLIN) 16070
942 ## - ADDED ENTRY ELEMENTS (KOHA)
Source of classification or shelving scheme
Koha item type წიგნი
ეგზემპლარები
ჩამოწერის სტატუსი დაკარგული ეგზემპლარის სტატუსი კლასიფიკაციის წყარო ან თაროზე გაწყობის სქემა დაზიანების სტატუსი არ გაიცემა მუდმივი მდებარეობა (დაცვის ადგილი) ამჟამინდელი ადგილსამყოფელი თაროზე განთავსების ადგილი შეძენის თარიღი ღირებულება, შესყიდვის ნორმალური ფასი სრული შენახვის შიფრი შტრიხკოდი ბოლო ოპერაციის თარიღი ეგზემპლარის მიმდევრობითი ნომერი (კეტერი?) Uniform Resource Identifier ფასის ძალაში შესვლის თარიღი ეგზემპლარის სახეობა საჯარო შენიშვნა
          ბათუმის შოთა რუსთაველის სახელმწიფო უნივერსიტეტის მთავარი ბიბლიოთეკა ბათუმის შოთა რუსთაველის სახელმწიფო უნივერსიტეტის მთავარი ბიბლიოთეკა წიგნსაცავი 2023-06-27 5.00 821.14 რ-73 64822 2023-06-27 64822 ბსუ-ს საპატიო დოქტორის გურამ ლორთქიფანიძის საჩუქარი 2023-06-27 წიგნი 5 ლ.